| 000 | 00544nam a22001697a 4500 | ||
|---|---|---|---|
| 003 | MACL | ||
| 005 | 20160727155850.0 | ||
| 008 | 160727b xxu||||| |||| 00| 0 eng d | ||
| 040 | _cMACL | ||
| 041 | _aHindi | ||
| 082 | _a385 PAT | ||
| 100 |
_aपाठक, दिनेश _960229 |
||
| 245 |
_aभारतीय रेल _cइतिहास एवं उपलब्धियॉ |
||
| 260 |
_aनई दिल्ली _bजाह़नवी प्रकाशन _c2012 |
||
| 650 |
_aरेलवे _965540 |
||
| 942 |
_2ddc _cHIN |
||
| 999 |
_c55152 _d55152 |
||